Christmas Things - Statistics

General Stats
  • This quiz has been taken 27 times
  • The average score is 16 of 16
Answer Stats
Picture Answer % Correct
Candy Cane
100%
Chimney
100%
Christmas Tree
100%
Cookies
100%
Milk
100%
Presents
100%
Rudolph the Red-Nosed Reindeer
100%
Santa Claus
100%
Snow
100%
Snowballs
100%
Snowman
100%
Stocking
100%
Eggnog
96%
Sled
96%
Igloo
92%
Ornaments
88%
No matching quizzes found
Score Distribution
Percent of People with Each Score
Percentile by Number Answered
Your Score History
You have not taken this quiz